PSG : 11 du XXIème siècle - Statistiques

Statistiques générales
  • Ce quiz a été pris 4 095 fois
    3 943 depuis la dernière actualisation
  • Le résultat moyen est 14 sur 16
Statistiques - réponses
Poste Nationalité Années au club Joueurs % Correct
Défenseur Droit Marocain 2021- Achraf Hakimi
97%
Buteur Uruguayen 2013-2020 Edinson Cavani
96%
Ailier Gauche Français 2018-2024 Kylian Mbappé
95%
Milieu Central Italien 2012-2023 Marco Verratti
95%
Défenseur Central Brésilien 2013- Marquinhos
95%
Buteur Suédois 2012-2016 Zlatan Ibrahimovic
95%
Défenseur Central Brésilien 2012-2020 Thiago Silva
92%
Remplaçant (Milieu Offensif/ Ailier) Argentin 2015-2022 Angel Di Maria
85%
Entraîneur Français 2013-2016 Laurent Blanc
83%
Remplaçant Italien 2021- Gianluigi Donnarumma
82%
Milieu Central Français 2011-2017 Blaide Matuidi
81%
Gardien Italien 2011-2017 Salvatore Sirigu
75%
Milieu Central Italien 2012-2018 Thiago Motta
74%
Défenseur Gauche Brésilien 2012-2017 Maxwell
73%
Remplaçant (Attaquant) Portugais 2003-2008 Pedro Miguel Pauleta
72%
Remplaçant Français 2014- Presnel Kimpembe
70%
Aucun quiz correspondant
Distribution des résultats
% des personnes avec chaque résultat
Percentile par nombre de réponses
Votre historique - résultats
Vous n’avez pas pris ce quiz depuis la dernière actualisation